00650nam a2200169Ia 4500001001000000003000500010008004100015010001100056040000900067100003300076245014400109260003400253300001000287502010600297650002700403710005000430Para_9381CHAP220125s2007 xx 000 0 und d a208078 cCHAP aRaya Sánchez, Daniel Sinai aEvaluación de incidencia de enfermedades en veinte genotipos de frijol negro (Phaseolus vulgaris L.) /c por Daniel Sinai Raya Sánchez aChapingo, Méx. :b el autor a53 h. aTesis (Ing. Agr. Esp. en Parasitología Agrícola) -- UACh. Departamento Parasitología Agrícola aFrijol x enfermedades aUACh. Departamento Parasitología Agrícola